Macroeconomics (Record no. 33080)

MARC details
000 -LEADER
fixed length control field 00479nam a22001937a 4500
005 - DATE AND TIME OF LATEST TRANSACTION
control field 20240502122458.0
008 - FIXED-LENGTH DATA ELEMENTS--GENERAL INFORMATION
fixed length control field 230720b |||||||| |||| 00| 0 eng d
020 ## - INTERNATIONAL STANDARD BOOK NUMBER
ISBN 978-96-734-9829-1
082 ## - DEWEY DECIMAL CLASSIFICATION NUMBER
Classification number 339
Item number FRO-M
100 ## - MAIN ENTRY--AUTHOR
Author Name Froyen,Richred T.
245 ## - TITLE STATEMENT
Title Macroeconomics
Remainder of title Theories and Policies
250 ## - EDITION STATEMENT
Edition statement 10th.ed.
260 ## - PUBLICATION, DISTRIBUTION, ETC.
Place of Publication Malaysia
Name of publisher, distributor, etc. Pearson
Date of publication, distribution, etc. 2014
300 ## - PHYSICAL DESCRIPTION
Pages 375
500 ## - GENERAL NOTE
General note include index
650 ## - SUBJECT ADDED ENTRY--TOPICAL TERM
Subject / Department Economics
700 ## - ADDED ENTRY--PERSONAL NAME
Personal name Richred T.Froyen
952 ## - LOCATION AND ITEM INFORMATION (KOHA)
-- 0
-- 0
952 ## - LOCATION AND ITEM INFORMATION (KOHA)
-- 0
-- 0
952 ## - LOCATION AND ITEM INFORMATION (KOHA)
-- 0
-- 0
Holdings
Lost status Damaged status Collection code Permanent Location Current Location Shelving Location Date acquired Full Call Number Accession No./Barcode Date last seen Copy number item type Koha item type
    Economics/Commerce Superior Information Resource Center (SIRC) Superior University - City Campus Superior Information Resource Center (SIRC) Superior University - City Campus Economics 07/20/2023 339 FRO-M 2014 20220 07/20/2023 1 BOOK BOOK
    Economics/Commerce Superior Information Resource Center (SIRC) Superior University - City Campus Superior Information Resource Center (SIRC) Superior University - City Campus   05/02/2024 339 FRO-M 2014 20504 05/02/2024 2 BOOK BOOK
    Economics/Commerce Superior Information Resource Center (SIRC) Superior University - City Campus Superior Information Resource Center (SIRC) Superior University - City Campus   05/02/2024 339 FRO-M 2014 20544 05/02/2024 3 BOOK BOOK

Powered by Koha